000 01181nam a2200253Ia 4500
001 20373
003 DO-CoUTE
005 20260204212633.0
008 220104s9999 dr 000 0 spa d
040 _aDO-CoUTE
_bspa
_cDO-CoUTE
041 0 _aspa
082 _aESP-INF 2020 R65
100 1 _aRomero Torres, Patricia Celeste
_esustentante
245 1 0 _aImplementación y aprovechamiento de la plataforma virtual Moodle en los procesos de enseñanza aprendizaje en la asignatura Redes de Datos, 5to de grado de secundaria del politécnico Miguel Ángel García Viloria / Patricia Celeste Romero Torres, Santa C
260 _aCotuí, República Dominicana :
_bUTECO,
_c2020
300 _a33 hojas
501 _aTesis (Especialidad en Informática con Orientación a la Enseñanza)--Universidad Tecnológica del Cibao Oriental, 2020.
504 _aincluye referencia bibliográfica e índice
650 4 _aImplementación y aprovechamiento de la plataforma
700 1 _aOnaney Ventura Herrera
_esustentante
700 1 _aSanta Cristina Herrera
_esustentante
830 _aTesis y disertaciones académicas (Universidad Tecnológica del Cibao Oriental)
942 _2LC
_cBK
999 _c21533
_d21533